Churn-und customer recovery-management als strategisches Instrument im Kontrollprozess von Energieversorgungs-unternehmen
Uložené v:
| Hlavný autor: | |
|---|---|
| Médium: | Kapitola |
| Jazyk: | German |
| Tagy: |
Žiadne tagy, Buďte prvý, kto otaguje tento záznam!
|
MARC
| LEADER | 00000nla$a2200000$$$4500 | ||
|---|---|---|---|
| 001 | 0142775 | ||
| 005 | 20260202110344.3 | ||
| 041 | 0 | |a ger | |
| 044 | |a SK | ||
| 245 | 1 | 0 | |a Churn-und customer recovery-management als strategisches Instrument im Kontrollprozess von Energieversorgungs-unternehmen |c Franz-Josef Loscar |
| 100 | 1 | |a Loscar, Franz-Josef | |